000 03944nam a2200433 a 4500
005 20110107152935.0
010 _aB-419460-477
020 _c575.00
_a9788131728604
035 _aB-419460-477
037 _bUBH
082 _a541.220113
100 _aLeach, Andrew R.
_925248
245 _aMolecular modelling:
_cby Andrew R. Leach
_bprinciples and applications /
250 _a2nd ed.
260 _aNew Delhi
_bPearson Education
_c2010
270 _a14, Local Shopping Centre, Panchsheel Park
_bNew Delhi
_e110017
300 _axxiii, 744p.
_c25cm(pbk)
500 _aIncludes index
942 _2ddc
_cEN
_mLEA
_h541.220113
999 _c35958
_d35958